000 00902nam a22002417a 4500
008 081212t xxu||||| |||| 00| 0beng d
010 _aENG-98451
020 _c95.00
_a9788180160615
020 _c95.00
_a8180160610
035 _aEN-81984
037 _bDBAD / PUB
040 _adpl
_bEnglish
082 _a658.8093321
100 _93724
_aSoundararajan, S. David.
245 _aBank marketing and information technology /
_cby S. David Soundararajan
260 _aCoimbatore
_bTeacher Publications House
_c2008
270 _a531, Avinashi Road, Peelamedu,
_bCombatore
_e641004
300 _a106p.
_c22cm (pbk)
600 _aBaba Visakha Singh
_xBiography.
_93725
700 _96162
942 _2ddc
_cEN
_mSOU
_h658.8093321
999 _c39506
_d39506